=LDR 00000nam 2200000 4500 =001 INLIS000000000031092 =005 20130612133202 =008 ***********************************ind** =035 ##$$0010-061300000031092 =041 ##$$a ind =082 ##$$a 618.2 =090 ##$$a 618.2, Yul K =100 ##$$a Yulifah, Rita =245 ##$$a Komunikasi dan konseling dalam kebidanan, Rita Yulifah, Tri Johan Agus Yuswanto =260 ##$$a 2009 $b Jakarta =300 ##$$a viii,132 hlm, ilus, 21 cm =650 ##$$a Kebidanan Konseling =700 ##$$a Yuswanto,Tri Johan Agus =850 ##$$a NBPNMAT =990 ##$$a 0001/BPAP-NTB/20142015 =990 ##$$a 0001/BPAP-NTB/2016 =990 ##$$a 0001/BPAP-NTB/2016 =990 ##$$a 0001/BPAP-NTB/2016